BHARTIYA SAKSHYA ADHINIYAM (Record no. 1688517)

MARC details
000 -LEADER
fixed length control field 00378nam a22001697a 4500
003 - CONTROL NUMBER IDENTIFIER
control field OSt
005 - DATE AND TIME OF LATEST TRANSACTION
control field 20260306143425.0
008 - FIXED-LENGTH DATA ELEMENTS--GENERAL INFORMATION
fixed length control field 260306b |||||||| |||| 00| 0 eng d
040 ## - CATALOGING SOURCE
Transcribing agency FLL
041 ## - LANGUAGE CODE
Language code of text/sound track or separate title ENG
Language code of sung or spoken text ENG
100 ## - MAIN ENTRY--PERSONAL NAME
Personal name SINGH, AVTAR
245 ## - TITLE STATEMENT
Title BHARTIYA SAKSHYA ADHINIYAM
250 ## - EDITION STATEMENT
Edition statement 25th
260 ## - PUBLICATION, DISTRIBUTION, ETC.
Place of publication, distribution, etc. PRAYAGRAJ
Name of publisher, distributor, etc. CLA
Date of publication, distribution, etc. 2025
300 ## - PHYSICAL DESCRIPTION
Extent 655
942 ## - ADDED ENTRY ELEMENTS (KOHA)
Source of classification or shelving scheme Colon Classification (CC)
Koha item type Textbook
Suppress in OPAC No
Holdings
Withdrawn status Lost status Source of classification or shelving scheme Damaged status Not for loan Home library Current library Date acquired Source of acquisition Cost, normal purchase price Inventory number Total Checkouts Full call number Barcode Date last seen Date last checked out Price effective from Koha item type Date due
    Colon Classification (CC)     Law Centre-I Library Law Centre-I Library 2026-01-19 SHIVAM 690.00 123/19/1/2026 2 Z2,94 R5 LO1646328 2026-04-06 2026-03-30 2026-03-06 Textbook  
    Colon Classification (CC)     Law Centre-I Library Law Centre-I Library 2026-01-19 SHIVAM 690.00 123/19/1/2026 1 Z2,94 R5 LO1646329 2026-03-30 2026-03-30 2026-03-06 Textbook 2026-04-09
    Colon Classification (CC)     Law Centre-I Library Law Centre-I Library 2026-01-19 SHIVAM 690.00 123/19/1/2026 1 Z2,94 R5 LO1646330 2026-04-07 2026-04-07 2026-03-06 Textbook 2026-04-17
    Colon Classification (CC)     Law Centre-I Library Law Centre-I Library 2026-01-19 SHIVAM 690.00 123/19/1/2026 1 Z2,94 R5 LO1646331 2026-03-19 2026-03-19 2026-03-06 Textbook 2026-03-29
    Colon Classification (CC)     Law Centre-I Library Law Centre-I Library 2026-01-19 SHIVAM 690.00 123/19/1/2026 2 Z2,94 R5 LO1646332 2026-04-13 2026-04-13 2026-03-06 Textbook 2026-04-23
    Colon Classification (CC)     Law Centre-I Library Law Centre-I Library 2026-01-19 SHIVAM 690.00 123/19/1/2026 1 Z2,94 R5 LO1646333 2026-03-30 2026-03-30 2026-03-06 Textbook 2026-04-09
    Colon Classification (CC)     Law Centre-I Library Law Centre-I Library 2026-01-19 SHIVAM 690.00 123/19/1/2026 1 Z2,94 R5 LO1646334 2026-04-07 2026-04-07 2026-03-06 Textbook 2026-04-17
    Colon Classification (CC)     Law Centre-I Library Law Centre-I Library 2026-01-19 SHIVAM 690.00 123/19/1/2026   Z2,94 R5 LO1646335 2026-03-06   2026-03-06 Textbook  
Copyright @ Delhi University Library System